[Event "Biella op"]
[Site "Biella"]
[Date "2014.09.26"]
[Round "1"]
[White "Bisi, Samuele"]
[Black "Macheda, Andrea"]
[Result "0-1"]
[WhiteElo "2112"]
[BlackElo "1976"]
[PlyCount "54"]
[EventDate "2014.09.26"]
[EventType "swiss"]
[EventRounds "5"]
[EventCountry "ITA"]
[SourceTitle "EXT 2016"]
[Source "ChessBase"]
[SourceDate "2015.10.08"]
[SourceVersion "1"]
[SourceVersionDate "2015.10.08"]
[SourceQuality "1"]

1. d4 Nf6 2. c4 e6 3. Nf3 b6 4. g3 Ba6 5. b3 Bb4+ 6. Bd2 Be7 7. Bg2 c6 8. Nc3 d5 9. Ne5 0-0 10. e3 Nfd7 11. Qe2 Nxe5 12. dxe5 Nd7 13. f4 Nc5 14. 0-0 dxc4 15. bxc4 Rc8 16. Rad1 Qd3 17. Qg4 Bxc4 18. Rf2 Qg6 19. Qh3 Nd3 20. Rf3 Rcd8 21. g4 Nb2 22. Rb1 Rxd2 23. f5 Qh6 24. Qg3 Qh4 25. Qf4 Bg5 26. Rxb2 Bxf4 27. Rxd2 Bxh2+ 0-1

[Event "Torino-ch"]
[Site "Torino"]
[Date "2012.11.30"]
[Round "5"]
[White "Pulito, Alberto"]
[Black "Macheda, Andrea"]
[Result "1-0"]
[WhiteElo "2277"]
[BlackElo "1955"]
[PlyCount "114"]
[EventDate "2012.11.07"]
[EventType "swiss"]
[EventRounds "7"]
[EventCountry "ITA"]
[SourceTitle "EXT 2014"]
[Source "ChessBase"]
[SourceDate "2013.11.20"]
[SourceVersion "1"]
[SourceVersionDate "2013.11.20"]
[SourceQuality "1"]

1. Nf3 Nf6 2. c4 g6 3. b3 Bg7 4. Bb2 0-0 5. g3 d6 6. Bg2 e5 7. 0-0 Qe7 8. Nc3 c6 9. Ne1 a5 10. a3 Na6 11. d3 Be6 12. Nc2 d5 13. f4 Qc5+ 14. e3 exf4 15. gxf4 Qb6 16. Nd4 Rad8 17. Na4 Qa7 18. Qe1 Nc5 19. Nxc5 Qxc5 20. b4 axb4 21. axb4 Qe7 22. Ra7 Qd7 23. b5 Qc8 24. Nxe6 fxe6 25. Qa1 Ne8 26. Bxg7 Nxg7 27. e4 dxc4 28. dxc4 cxb5 29. cxb5 Qc5+ 30. Kh1 Qxb5 31. Rb1 Qe2 32. Raxb7 Nh5 33. Re1 Qd2 34. Bh3 Rde8 35. Rd1 Qxf4 36. Rdd7 Qf6 37. e5 Qh4 38. Rxh7 Ng3+ 39. hxg3 Qxh7 40. Rxh7 Kxh7 41. Qa7+ Kh6 42. Qe3+ Kg7 43. Bg4 Rf7 44. Kg2 Rc7 45. Qe4 Rf7 46. Qc4 Rfe7 47. Qf4 Rf7 48. Qg5 Kh7 49. Qe3 Kg7 50. Be2 Rfe7 51. Bd3 Kh7 52. Qg5 Rg7 53. Qf6 Ree7 54. Bxg6+ Kg8 55. Kh3 Ra7 56. Qxe6+ Kh8 57. Qf6 Kg8 1-0

[Event "Torino-ch"]
[Site "Torino"]
[Date "2012.11.07"]
[Round "1"]
[White "Sorcinelli, Francesco"]
[Black "Macheda, Andrea"]
[Result "1/2-1/2"]
[WhiteElo "2134"]
[BlackElo "1955"]
[PlyCount "120"]
[EventDate "2012.11.07"]
[EventType "swiss"]
[EventRounds "7"]
[EventCountry "ITA"]
[SourceTitle "EXT 2014"]
[Source "ChessBase"]
[SourceDate "2013.11.20"]
[SourceVersion "1"]
[SourceVersionDate "2013.11.20"]
[SourceQuality "1"]

1. Nf3 Nf6 2. c4 g6 3. b4 d5 4. cxd5 Bg7 5. Bb2 0-0 6. g3 Qxd5 7. Bg2 c6 8. 0-0 Qh5 9. d4 a5 10. bxa5 Rxa5 11. Nbd2 Be6 12. a4 Nbd7 13. e4 Rfa8 14. Bc3 R5a7 15. a5 Bh3 16. Qb3 Ng4 17. Bxh3 Qxh3 18. Qxf7+ Kxf7 19. Ng5+ Kg8 20. Nxh3 c5 21. Nb3 cxd4 22. Nxd4 Bxd4 23. Bxd4 Rxa5 24. Rxa5 Rxa5 25. Rc1 Ra4 26. Rc8+ Nf8 27. Rd8 Nh6 28. Be3 Nf7 29. Rb8 Rxe4 30. Rxb7 Nd6 31. Rb8 Nf5 32. Bd2 Re2 33. Bc3 Rc2 34. Be5 h6 35. Nf4 Kf7 36. Nd3 Ra2 37. Bf4 Ne6 38. Ne5+ Kg7 39. Bc1 Ra1 40. Rc8 Rb1 41. Kg2 g5 42. Nd3 Nd6 43. Rc6 Rb7 44. Bb2+ Kf7 45. Be5 Rd7 46. Bb2 Nc4 47. Ne5+ Nxe5 48. Bxe5 Rb7 49. g4 Ra7 50. Kf3 Ra2 51. Kg2 Ra5 52. Bg3 Rc5 53. Rxc5 Nxc5 54. Kf3 Ke6 55. Ke3 Nd7 56. f4 Kf6 57. Be1 gxf4+ 58. Kxf4 e5+ 59. Ke4 Kg5 60. h3 Nf6+ 1/2-1/2

[Event "Torino SST Junior-Senior (azzurro)"]
[Site "Torino"]
[Date "2012.05.17"]
[Round "8"]
[White "Ricca, Roberto"]
[Black "Macheda, Andrea"]
[Result "0-1"]
[WhiteElo "2100"]
[BlackElo "1929"]
[PlyCount "88"]
[EventDate "2011.10.20"]
[EventType "schev"]
[EventRounds "8"]
[EventCountry "ITA"]
[SourceTitle "EXT 2018"]
[Source "ChessBase"]
[SourceDate "2017.10.13"]
[SourceVersion "1"]
[SourceVersionDate "2017.10.13"]
[SourceQuality "1"]

1. e4 c5 2. b3 Nc6 3. Bb2 e5 4. Nf3 d6 5. c3 g6 6. d4 exd4 7. cxd4 Bg7 8. Bb5 Nge7 9. 0-0 0-0 10. Qd2 Bg4 11. dxc5 Bxb2 12. Qxb2 Bxf3 13. cxd6 Qxd6 14. gxf3 Nd4 15. Be2 Nec6 16. Nc3 Qf6 17. Rae1 Ne5 18. f4 Nef3+ 19. Kg2 Nxe1+ 20. Rxe1 Nxe2 21. Rxe2 Rac8 22. Nd5 Qxb2 23. Rxb2 Kg7 24. Kf3 Rc1 25. Ke3 Rfc8 26. Kd3 h5 27. f3 h4 28. a4 h3 29. a5 Rg1 30. Ke3 Rcc1 31. f5 Rg2 32. f6+ Kf8 33. Re2 Rxe2+ 34. Kxe2 Rc2+ 35. Ke3 Rxh2 36. Nf4 Rb2 37. Nxh3 Rxb3+ 38. Kf4 Ra3 39. Ng5 Rxa5 40. e5 Rb5 41. Ke4 a5 42. f4 a4 43. f5 gxf5+ 44. Kxf5 a3 0-1

[Event "Torino op 37th"]
[Site "Torino"]
[Date "2011.10.30"]
[Round "3"]
[White "Macheda, Andrea"]
[Black "Grinza, Andrea"]
[Result "0-1"]
[WhiteElo "1915"]
[BlackElo "2153"]
[PlyCount "60"]
[EventDate "2011.10.29"]
[EventType "swiss"]
[EventRounds "6"]
[EventCountry "ITA"]
[SourceTitle "EXT 2018"]
[Source "ChessBase"]
[SourceDate "2017.10.13"]
[SourceVersion "1"]
[SourceVersionDate "2017.10.13"]
[SourceQuality "1"]

1. d4 Nf6 2. c4 g6 3. Nc3 d5 4. cxd5 Nxd5 5. e4 Nxc3 6. bxc3 Bg7 7. Bc4 0-0 8. Ne2 b6 9. 0-0 Nc6 10. Be3 Bb7 11. Qc2 Qd6 12. Rad1 Rad8 13. f4 Na5 14. Bd3 c5 15. e5 Qc6 16. Ng3 cxd4 17. Bxd4 e6 18. f5 exf5 19. Bxf5 Nc4 20. Be4 Qc7 21. Bxb7 Qxb7 22. Qe2 Qc6 23. Rf6 Bxf6 24. exf6 Rfe8 25. Qg4 Ne3 26. Qh3 h5 27. Re1 Rxd4 28. cxd4 Qc3 29. Re2 Qxd4 30. Kf2 Ng4+ 0-1

[Event "Torino op 37th"]
[Site "Torino"]
[Date "2011.10.30"]
[Round "2"]
[White "Matta, Francesca"]
[Black "Macheda, Andrea"]
[Result "0-1"]
[WhiteElo "1887"]
[BlackElo "1915"]
[PlyCount "86"]
[EventDate "2011.10.29"]
[EventType "swiss"]
[EventRounds "6"]
[EventCountry "ITA"]
[SourceTitle "EXT 2018"]
[Source "ChessBase"]
[SourceDate "2017.10.13"]
[SourceVersion "1"]
[SourceVersionDate "2017.10.13"]
[SourceQuality "1"]

1. d4 Nf6 2. c4 c5 3. d5 b5 4. Nd2 bxc4 5. e4 Qa5 6. Qc2 Na6 7. a3 Nb4 8. axb4 Qxa1 9. bxc5 Ba6 10. Bxc4 Bxc4 11. Qxc4 Rc8 12. Ne2 e6 13. b4 exd5 14. exd5 Qe5 15. Qa6 Qb8 16. Nc3 Be7 17. 0-0 0-0 18. Ba3 Bd6 19. Nf3 Rfe8 20. Nb5 Bf8 21. Rd1 Qf4 22. Nxa7 Rb8 23. Qd3 Rb7 24. Nb5 Ra8 25. c6 dxc6 26. dxc6 Rxb5 27. Qxb5 Rxa3 28. Qb7 Qxb4 29. Rb1 Qc5 30. Ne5 Qxe5 31. c7 Ra1 32. Rf1 Rxf1+ 33. Kxf1 Ne4 34. Qxe4 Qxe4 35. c8Q Qd3+ 36. Ke1 g6 37. Qe8 Qc3+ 38. Ke2 Kg7 39. Qe4 Bd6 40. f4 Qb4 41. Qd5 Qxf4 42. Qc6 Qxh2 43. Qc3+ Qe5+ 0-1

[Event "Torino Bombelli Memorial 11th"]
[Site "Torino"]
[Date "2011.09.09"]
[Round "2"]
[White "Giacometto, Mario"]
[Black "Macheda, Andrea"]
[Result "0-1"]
[WhiteElo "2004"]
[BlackElo "1915"]
[PlyCount "120"]
[EventDate "2011.09.09"]
[EventType "swiss"]
[EventRounds "5"]
[EventCountry "ITA"]
[SourceTitle "EXT 2023"]
[Source "ChessBase"]
[SourceDate "2022.10.05"]
[SourceVersion "1"]
[SourceVersionDate "2022.10.05"]
[SourceQuality "1"]

1. e4 c5 2. Nf3 d6 3. d4 cxd4 4. Nxd4 Nf6 5. Nc3 a6 6. g3 e6 7. Bg2 Be7 8. a4 Qc7 9. 0-0 0-0 10. Be3 Bd7 11. a5 Bc6 12. Nxc6 bxc6 13. Na4 Nbd7 14. c4 Rab8 15. Nb6 c5 16. Nxd7 Nxd7 17. Qc2 Bf6 18. Ra2 Ne5 19. h3 Nc6 20. Qd2 Rb4 21. Rd1 Bd4 22. f4 e5 23. Qe2 Rfb8 24. Bxd4 Nxd4 25. Qf2 Rxc4 26. f5 Rc2 27. Rd2 Rxd2 28. Qxd2 Rb3 29. Kh2 Qb8 30. f6 gxf6 31. Qf2 Kg7 32. h4 Qb7 33. Qf1 Rb5 34. Qd1 Rb3 35. Qg4+ Kh8 36. h5 h6 37. Qh4 Nf3+ 38. Bxf3 Rxf3 39. Qg4 Re3 40. Qf5 Re2+ 41. Kh3 Qxe4 42. Qxf6+ Kg8 43. Qf1 Re1 44. Ra4 Rxf1 45. Rxe4 Ra1 46. b4 cxb4 47. Rxb4 Rxa5 48. Rb6 Rd5 49. Rxa6 Rd4 50. g4 Kg7 51. Ra7 Kf6 52. Kh4 e4 53. Ra5 e3 54. Rf5+ Kg7 55. Kg3 Re4 56. Rf1 d5 57. Kf3 e2 58. Re1 Kf6 59. Rxe2 Rxe2 60. Kxe2 Kg5 0-1